000
00369nam a2200133Ia 4500
008
151001s9999||||xx |||||||||||||| ||und||
100
_a
दिनेश चमोला
245
_a
प्रतिनिधी बाल कहानियाँ
250
_a
1
260
_b
आत्माराम
260
_c
1999
300
_a
392
365
_b
21
999
_c
975932
_d
975929